000
00183 a2200097 4500
020
_a
078073003952
041
_a
spa
100
_a
Paulette Bourgeois
245
_a
Franklin
942
_c
BK
999
_c
14979
_d
14979